MDQL
is popping MORE tags! Check the
thread
!
Quizzes
Events
Quiz Creation
Community
Videos
Private Events
Remove Ads
Sign In
Join for FREE
Feedback
Dark Mode
Quiz Categories
Sports
Geography
Music
Movies
Television
Just For Fun
Miscellaneous
History
Literature
Language
Science
Gaming
Entertainment
Religion
Holiday
For Kids
Quiz Lab
Recent
Popular Today
Quiz Kudos Today
Editor Picks
Curator Picks
Quizzes by...
Day
Popularity
Type
Ratings
Length
Year
Community
Subscriptions
Recent Discussions
Orange Saloon
Badges
Playlists
Quests
Create
Leaderboards
Showdown
Live 5
Trivia Bingo
Activity
Puzzle Library
Sporcle Events
Private Events
Virtual Trivia
Globe League
Become a Host
Pub Owners
SporcleCon
Opinionation
Our Games
Videos
Blog
Mobile Apps
Partnerships
Remove Ads and Go Orange
Feedback
Music
Pop Music
The Beatles
Song
Album
Lyrics
Bands
Singers
Artist
Clip
Rock
Rap
Classical
Billboard
Country Music
Kpop
Taylor Swift
Music
Pop Music
The Beatles
Song
Album
Lyrics
Bands
Singers
Artist
Clip
Rock
Rap
Classical
Billboard
Country Music
Kpop
Taylor Swift
Random Quiz
Search Sporcle
×
Quiz Lab
Quiz Lab
Music
fence
Type in answers that appear in a list
Type in answers that appear in a list
Classic
Best Score? Go Orange.
Lyrics to Fences Stats
Can you name the lyrics to Fences?
By
LoveMeAlice
6m
46 Questions
33 Plays
33 Plays
33 Plays
Comments
Comments
Give Quiz Kudos
Give Quiz Kudos
-
- Ratings
hide this ad
Replay
Link that replays current quiz
Next Quiz
Link to next quiz in quiz playlist
You Got
0%
They Got
Avg Score
9%
Avg Friend Score
Upgrade to see
Score Distribution
Jump to the score distribution portion of the page
Score
0/46
Timer
06:00
0
Plays Today
paramore
paramore
% Correct
i'm sitting in a room
97%
made up of only big white walls
84.8%
and in the halls
54.5%
there are people looking through
42.4%
dont look up just let them think
18.2%
theres no place else youd rather be
15.2%
dont look up just let them think
15.2%
the win the window
12.1%
dont you know by now
9.1%
because this road is all youll ever have
9.1%
you cant turn back
9.1%
and oh oh open wide
6.1%
if you let me i could
6.1%
set restrictions
6.1%
because this road is all youll ever have
6.1%
though they know exactly what were here for
3%
your always on desplay
3%
for everyone to watch and learn form
3%
it's obvious that your dieing, dieing
3%
cause its your night so smile
3%
youll go out in style
3%
seperate from the world
3%
the constant battle that you hate to fight
3%
paramore
paramore
% Correct
just blame the limelight
3%
theres no place else youd rather be, and now
3%
it's obvious that your dieing, dieing
3%
so oh oh open wide
3%
this is your night so smile
3%
with every breath that you breeth in
3%
just breeth it in
3%
just living proof the the cameras lieing
0%
cause youll go out in style
0%
id show you how to build you fences
0%
just living proof that the cameras lieing
0%
yeah yeah your asking for it
0%
yeah yeah well your just a mess
0%
you do all this big talknig
0%
so now lets see you walk in
0%
i said lets see you walk in
0%
Its obvious that your dieing, dieing
0%
just living proof that the cameras lieing
0%
and oh oh open wdie
0%
your oh oh open wide
0%
your oh oh open wide
0%
cause its your night so smile
0%
youll go out in style
0%
Quiz Playlist
Details
Report
Send in Message
Add To Playlist
Classic:
Type in answers that appear in a list
Last Updated: Feb 16, 2017
Quiz Scoreboard
CHALLENGE
Sign Up to Join the Scoreboard
Show All
Scores
Hide
Comments
May contain spoilers
Recently Published
Image Sorting: Flags VI
by Barbecue
Geography
2m
Find the 'City' Movie
by crazypaving
Movies
60s
Colored Red Africa Blitz
by spor1
Geography
45s
More to Explore
Quiz From the Vault
Featured Blog Post
14 Easter Pick-up Lines to Find Eggs With
hide this ad
You Might Also Like...
Tags
fence
paramore
Today's Top Quizzes in Music
Browse Music
hide this ad
Today's Top Quizzes in fence
Browse fence
Top Contributed Quizzes in Music
1
5X2 Blitz: Bands II
2
5X2 Blitz: The Beatles
3
Taylor Swift All Songs (2024)
4
5X2 Blitz: Billboard
5
5X2 Blitz: Billboard II
6
5X2 Blitz: Album
7
5X2 Blitz: Rock
8
5X2 Blitz: Singers
9
Music Artist by Three 2010s hits
10
5X2 Blitz: Lyrics
Explore More
Trending Topics
Harry Potter
Marvel
Kpop
NBA
Anime
Crossword
Disney
NFL
Pokémon
Soccer
The Office
Song
Country
WWE
Puzzle
hide this ad
More By:
LoveMeAlice
Quiz
Plays
Rating
Category
Featured
Created
Paramore lyrices to decode
226
Music
Mar 8, 2011
Hey Monday- Lyrics
102
1.00
Just For Fun
Apr 12, 2011
lyrics to Fences
33
1.00
Music
Mar 10, 2011
Go to Creator's Profile
Score Distribution
Quiz Creator Spotlight
LoveMeAlice
Follow
Send a Message
Quizzes Created
-
Created Quiz Play Count
-
More By This Creator
Popular Quizzes Today
1
Colored Red Africa Blitz
2
Find the US States - No Outlines Minefield
3
Find the 'City' Movie
4
5x2 Blitz: Bands
5
The Countries of the World
6
Find the US States
7
Find the Countries of Europe - No Outlines Minefield
8
US States
More Music Quizzes
One-Word #1 Songs
Published
Trending Quizzes
Colored Red Europe Blitz I
Colored Red Europe Blitz II
Colored Red Africa Blitz II
Colored Red Europe Blitz III
Colored Red Africa Blitz III
Recently Updated
How Do You Spell That?
pecheneg
Godzilla Movies
pecheneg
Grab Bag: 4-10 Letters
pecheneg
2024 March Madness Bracket
pecheneg
Famous TV Couples
Peacemaker
Champions League XIs: Real Madrid
pecheneg
Largest US Cities 1790-2010
pecheneg
Rides in Walt Disney World
pecheneg
Most Oscar Losses (Acting)
pecheneg
Beyoncé Albums
pecheneg
Trending Topics
Harry Potter
NBA
Crossword
Kpop
Disney
Marvel
Anime
Country
Puzzle
Song
NFL
Pokémon
The Office
Soccer
WWE
Your Account Isn't Verified!
In order to create a playlist on Sporcle, you need to verify the email address you used during registration. Go to your
Sporcle Settings
to finish the process.
Report this User
Report this user for behavior that violates our
Community Guidelines
.
Details:
Send Report
Go to the Sporcle.com Mobile Site →
Comments